000 00454nam a2200145 4500
008 01984 1983 0a 000 0MEX
050 _aQA7615 S56b
100 _aSanders, Donald H.
245 _aBiblioteca McGraw Hill de informatica / Donald H. Sanders
250 _a3
260 _aMéxico : McGraw Hill
300 _axvi, 312 p. / 23.5cm
650 _a1.COMPUTADORAS \ 2.PROCESAMIENTO ELECTRONICO DE DATOS
700 _aFreedman, Alan, Coaut.
999 _c13532
_d13532